| 000 | 00646nam a2200241Ia 4500 | ||
|---|---|---|---|
| 003 | OSt | ||
| 005 | 20220918231213.0 | ||
| 006 | a|||||r|||| 00| 0 | ||
| 007 | ta | ||
| 008 | 220917b |||||||| |||| 00| 0 eng d | ||
| 020 | _c100 | ||
| 024 | _a269,641 | ||
| 037 |
_bM/2008/33, 01/09/2008, Mukta Dhara _cTextual |
||
| 040 |
_aARTS _cARTS _beng |
||
| 041 |
_2eng _aeng |
||
| 082 | _aYv, 157P1 | ||
| 100 |
_aGhosh Binoy _9154035 |
||
| 245 | 0 | _aBanglor samajik itihaser dhra | |
| 260 | _c2007 | ||
| 650 | _aSOCIOLOGY | ||
| 942 |
_hYv, 157P1 _cTEXL _2CC |
||
| 999 |
_c290183 _d290183 |
||